000 00724nam a2200289Ia 4500
005 20260324122430.0
008 008 260324s9999 xx 000 0 eng d
020 _a9781315889832
037 _aEBOOK
040 _aCRL
040 _beng
040 _cCRL
041 _2eng
041 _aeng
084 _qCRL
100 _aJamel Santa Cruze Bell; Ronald L. Jackson II
_91166427
245 0 _aInterpreting Tyler Perry
245 0 _bPerspectives on Race, Class, Gender, and Sexuality
260 _bTaylor and Francis
260 _c2013
365 _a
365 _b240
856 _uhttp://www.taylorfrancis.com/books/9781315889832
942 _cEBOOK
999 _c1759163
_d1759163